| 000 | 00753nam a22002057a 4500 | ||
|---|---|---|---|
| 999 |
_c228 _d228 |
||
| 003 | AR-CdUCM | ||
| 008 | 190222b ||||| |||| 00| 0 spa d | ||
| 040 |
_aMUNICIPALIDAD PROVINCIAL DEL CUSCO _cBIBLIOTECA MUNICIPAL DEL CUSCO |
||
| 082 |
_a882.3 / _bM97. |
||
| 100 |
_aMurray, Gilbert _91005 |
||
| 245 | _aEuripides y su tiempo / | ||
| 260 |
_aMéxico _bFondo de cultura económica _c1949 |
||
| 300 |
_a201 paginas : _c17 cm. |
||
| 505 | _aFuentes para la vida de Euripides -- Que es una tragedia Griega -- Los comienzos de la guerra: Los dramas de la madurez, de la Medea al Heracles -- El arte de Euripides ... | ||
| 650 |
_aEuripides _91006 |
||
| 650 |
_aTragedia _9559 |
||
| 650 |
_aGuerra _91007 |
||
| 942 |
_2ddc _cLIBROS |
||
| 945 |
_arum _d2019-02-22 |
||